| 000 -LEADER | |
|---|---|
| fixed length control field | 00477nam a22001817a 4500 |
| 005 - DATE AND TIME OF LATEST TRANSACTION | |
| control field | 20230110103630.0 |
| 008 - FIXED-LENGTH DATA ELEMENTS--GENERAL INFORMATION | |
| fixed length control field | 221220b |||||||| |||| 00| 0 eng d |
| 020 ## - INTERNATIONAL STANDARD BOOK NUMBER | |
| ISBN | 978-817164-146-8 |
| 041 ## - LANGUAGE CODE | |
| Language code of text/sound track or separate title | eng |
| 082 ## - DEWEY DECIMAL CLASSIFICATION NUMBER | |
| Classification number | 633 PRA -T |
| 100 ## - MAIN ENTRY--AUTHOR NAME | |
| Personal name | PRASAD , Dr. RAJENDRA |
| 245 ## - TITLE STATEMENT | |
| Title | TEXTBOOK OF FIELD CROP PRODUCTION COMMERCIAL CROPS -VOL-II |
| 250 ## - EDITION STATEMENT | |
| Edition statement | 1st ed. |
| 260 ## - PUBLICATION, DISTRIBUTION, ETC. (IMPRINT) | |
| Place of publication | NEW DELHI |
| Name of publisher | ICAR |
| Year of publication | 2021 |
| 300 ## - PHYSICAL DESCRIPTION | |
| Number of Pages | 612;P. |
| 650 ## - SUBJECT ADDED ENTRY--TOPICAL TERM | |
| Topical Term | AGRICULTURE |
| 942 ## - ADDED ENTRY ELEMENTS (KOHA) | |
| Koha item type | Books |
| Lost status | Damaged status | Collection code | Home library | Current library | Shelving location | Date acquired | Source of acquisition | Cost, normal purchase price | Full call number | Accession Number | Koha item type |
|---|---|---|---|---|---|---|---|---|---|---|---|
| Reference | JRU Library | JRU Library | SHELF-2-A | 10/11/2022 | LOHIA BOOK INTERNATIONAL | 800.00 | 633-PRA -T | 27120 | Books | ||
| AGRICULTURE | JRU Library | JRU Library | SHELF-44-B | 10/11/2022 | LOHIA BOOK INTERNATIONAL | 800.00 | 633-PRA -T | 27121 | Books | ||
| AGRICULTURE | JRU Library | JRU Library | SHELF-44-B | 10/11/2022 | LOHIA BOOK INTERNATIONAL | 800.00 | 633-PRA -T | 27122 | Books | ||
| AGRICULTURE | JRU Library | JRU Library | SHELF-44-B | 10/11/2022 | LOHIA BOOK INTERNATIONAL | 800.00 | 633-PRA -T | 27123 | Books | ||
| AGRICULTURE | JRU Library | JRU Library | SHELF-44-B | 10/11/2022 | LOHIA BOOK INTERNATIONAL | 800.00 | 633-PRA -T | 27124 | Books |